000 01033caa a22002417a 4500
999 _c413456
_d413456
001 126234
003 UA-OsUOA
005 20200114122921.0
007 ta
008 20171012b un ||||| |||| 00| 0 ukr d
040 _aUA-OsUOA
_bukr
_cUA-OsUOA
_dUA-OsUOA
041 _aukr
080 _a908
090 _a908
_bП27
100 _aПерерва В.
245 _aАдміністрація церковнопарафіяльних шкіл Волинської єпархії ХІХ – поч. ХХ ст. у світлі документів Російського державного історичного архіву в м. Санкт-Петербурзі
_cВ. Перерва
300 _aС. 230–241
650 7 _a908 Краєзнавство
_2UDC
773 0 _0391993
_9413648
_dОстрог НаУОА 2011
_o145361
_tНаукові записки. Історичні науки
_w(UA-OsUOA) 105743
942 _cBKA
_2udc
955 _a1